| 000 | 00468nam a22001337a 4500 | ||
|---|---|---|---|
| 082 | _aMSEE-4 FRA | ||
| 100 |
_aMuhammad Raza Fraz _998693 |
||
| 245 | _aSimultaneous escape routing on PCB with steiner Nodes | ||
| 260 |
_aIslamabad _bNUST-SEECS _c2015 |
||
| 300 |
_a109p. _bill.; _eCD ROM |
||
| 500 | _aSupervisors: Dr. Anjum Naveed, Dr. Hassan Khaliq, Dr. Ammar Hassan, Dr. Adnan Khalid | ||
| 856 | _uhttp://10.250.8.41:8080/xmlui/handle/123456789/9400 | ||
| 942 |
_cPR _2ddc |
||
| 999 |
_c13414 _d13414 |
||